Città Vincitrici Serie A - Morte improvvisa - Statistics

Statistiche generali
  • Questo quiz è stato fatto 286 volte
  • Il punteggio medio è 8 su 12
Answers on the Grid
Answers color-coded by a green-red scale on the quiz's grid according to % correct below.
Torino
Milano
Genova
Bologna
Vercelli
Roma
Firenze
Cagliari
Casale Monferrato
Novi Ligure
Verona
Napoli
Vado
Alessandria
Bergamo
Brescia
Venezia
Trieste
Pisa
Ancona
Perugia
Pescara
Bari
Lecce
Reggio Calabria
Palermo
Finale Ligure
Modena
Legnano
Torre Annunziata
 
Statistiche sulle risposte
Risposta % Corretto
Roma
84%
Torino
84%
Milano
83%
Napoli
83%
Bologna
74%
Genova
74%
Firenze
73%
Cagliari
67%
Verona
65%
Vercelli
64%
Casale Monferrato
36%
Novi Ligure
26%
Nessun quiz corrispondente trovato
Distribuzione punteggi
Percentuale di utenti per punteggio
Percentile per numero di risposta
I tuoi punteggi nel tempo
Non hai fatto questo quiz